South Eastern Kenya University

Library Online Public Access Catalogue


The parents' guide to cochlear implants / (Record no. 14143)

MARC details
000 -LEADER
fixed length control field 00839cam a22002654a 4500
001 - CONTROL NUMBER
control field 12785219
003 - CONTROL NUMBER IDENTIFIER
control field OSt
005 - DATE AND TIME OF LATEST TRANSACTION
control field 20160517152456.0
008 - FIXED-LENGTH DATA ELEMENTS--GENERAL INFORMATION
fixed length control field 020522s2002 dcua b 001 0 eng
010 ## - LIBRARY OF CONGRESS CONTROL NUMBER
LC control number 2002072390
020 ## - INTERNATIONAL STANDARD BOOK NUMBER
International Standard Book Number 1563681293 (pbk. : alk. paper)
040 ## - CATALOGING SOURCE
Original cataloging agency SEKU
042 ## - AUTHENTICATION CODE
Authentication code pcc
050 00 - LIBRARY OF CONGRESS CALL NUMBER
Classification number RF 305
Item number .C4 2002
100 1# - MAIN ENTRY--PERSONAL NAME
Personal name Chute, Patricia M.
245 14 - TITLE STATEMENT
Title The parents' guide to cochlear implants /
Statement of responsibility, etc. Patricia M. Chute, Mary Ellen Nevins.
260 ## - PUBLICATION, DISTRIBUTION, ETC. (IMPRINT)
Place of publication, distribution, etc. Washington, DC :
Name of publisher, distributor, etc. Gallaudet University Press,
Date of publication, distribution, etc. 2002.
300 ## - PHYSICAL DESCRIPTION
Extent ix, 197 p. :
Other physical details ill. ;
Dimensions 23 cm.
504 ## - BIBLIOGRAPHY, ETC. NOTE
Bibliography, etc Includes bibliographical references (p. 187-190) and index.
650 #0 - SUBJECT ADDED ENTRY--TOPICAL TERM
Topical term or geographic name as entry element Cochlear implants.
650 #0 - SUBJECT ADDED ENTRY--TOPICAL TERM
Topical term or geographic name as entry element Hearing impaired children
General subdivision Rehabilitation.
650 #0 - SUBJECT ADDED ENTRY--TOPICAL TERM
Topical term or geographic name as entry element Deaf
General subdivision Rehabilitation.
700 1# - ADDED ENTRY--PERSONAL NAME
Personal name Nevins, Mary Ellen.
942 ## - ADDED ENTRY ELEMENTS (KOHA)
Source of classification or shelving scheme Library of Congress Classification
Koha item type General circulation
Holdings
Withdrawn status Lost status Source of classification or shelving scheme Damaged status Not for loan Home library Current library Shelving location Date acquired Source of acquisition Total Checkouts Full call number Barcode Date last seen Price effective from Koha item type Public note
    Library of Congress Classification     Main Campus Library Main Campus Library General Stacks 17/05/2016 Donation-books for Africa   RF 305 .C4 2002 2016/018348 17/05/2016 17/05/2016 General circulation A.K.
Kitui, Kenya.
+254736116989
library@seku.ac.ke